000 00411cam a2200169ua 4500
020 _c1.50
041 _amal
_h
082 _a894.8122
_bBHA/BH
100 _aBhasi, Thoppil .
245 _aBhasiyude Ekamkangal, part 1 /
_cThoppil Bhasi.
_hTextual Documents
260 _aQuilon :
_bM.S Book Depot ,
_c1962.
300 _a139 ; .
365 _a1.50
504 _a
942 _cBK
999 _c1265
_d1265